Die ehr und mañliche lhaten sefchichten annd sefchilichaitenn des streitbaren hochlobblichen haute zu ofterzeich und burgundienze zum exempel abdetrumb dozbilde allen fürstlichen blut uund abels genossen deutscher nation. (Registro nro. 8205)
[ vista simple ]
| 000 -CABECERA | |
|---|---|
| campo de control de longitud fija | 00892nam a2200217 a 4500 |
| 001 - NÚMERO DE CONTROL | |
| campo de control | BRCA_8541 |
| 005 - FECHA Y HORA DE LA ÚLTIMA TRANSACCIÓN | |
| campo de control | 20190320210327.0 |
| 008 - DATOS DE LONGITUD FIJA--INFORMACIÓN GENERAL | |
| campo de control de longitud fija | 110816s1553----gw-a######---#000-0#ger-# |
| 050 #4 - SIGNATURA TOPOGRÁFICA DE LA BIBLIOTECA DEL CONGRESO | |
| Número de clasificación | G5700 |
| Número de documento/Ítem | .D54 |
| -- | 1553 |
| 245 10 - MENCIÓN DE TÍTULO | |
| Título | Die ehr und mañliche lhaten sefchichten annd sefchilichaitenn des streitbaren hochlobblichen haute zu ofterzeich und burgundienze zum exempel abdetrumb dozbilde allen fürstlichen blut uund abels genossen deutscher nation. |
| 260 ## - PUBLICACIÓN, DISTRIBUCIÓN, ETC. | |
| Lugar de publicación, distribución, etc. | Frankfurt |
| Nombre del editor, distribuidor, etc. | Sei christian Egenolff |
| Fecha de publicación, distribución, etc. | 1553 |
| 300 ## - DESCRIPCIÓN FÍSICA | |
| Extensión | cx p. |
| Otras características físicas | il. |
| Dimensiones | 29 cm |
| 500 ## - NOTA GENERAL | |
| Nota general | Fondo antiguo |
| 500 ## - NOTA GENERAL | |
| Nota general | Se encuentra en Caja Fuerte |
| 500 ## - NOTA GENERAL | |
| Nota general | W-33 |
| 500 ## - NOTA GENERAL | |
| Nota general | Nota de encuadernación: en piel, edición de cantos dorados |
| 506 0# - NOTA DE RESTRICCIONES AL ACCESO | |
| Limitaciones de acceso | Fondo reservado: para su consulta es necesario credencial de usuario y carta de motivos |
| 650 14 - PUNTO DE ACCESO ADICIONAL DE MATERIA--TÉRMINO DE MATERIA | |
| Término de materia o nombre geográfico como elemento de entrada | Europa |
| Subdivisión general | Política y gobierno |
| 9 (RLIN) | 21414 |
| 902 ## - CATALOGADOR | |
| Iniciales | LAR |
| 942 ## - ELEMENTOS DE PUNTO DE ACCESO ADICIONAL (KOHA) | |
| Fuente del sistema de clasificación o colocación | Library of Congress Classification |
| Tipo de ítem Koha | Libros |
| Estado de retiro | Estado de pérdida | Estado dañado | No para préstamo | Localización permanente | Ubicación/localización actual | Fecha de adquisición | Número de inventario | Total de préstamos | Signatura topográfica completa | Código de barras | Fecha visto por última vez | Precio válido a partir de | Tipo de ítem Koha |
|---|---|---|---|---|---|---|---|---|---|---|---|---|---|
| El ejemplar forma parte de la colección y puede ser consultado según las políticas vigentes. | Biblioteca del Museo Franz Mayer (Rogerio Casas-Alatriste) | Biblioteca del Museo Franz Mayer (Rogerio Casas-Alatriste) | 11/08/2016 | W-33 | G5700 .D54 1553 (W-33) | LAR00046 | 22/03/2019 | 22/03/2019 | Libros |